00717cam a2200253 a 45000010008000000030004000080050017000120080041000290100017000700150010000870200018000970400019001150500017001340820017001511000025001682450083001932600077002763000010003535000022003635040032003856500013004176500017004306500016004472300045OSt20200609130604.0820123s1981 enka b 001 0 eng  a 80042191  aGB*** a9780195649543 aDLCcoclcdDLC00aHC79.F3bS4600a363.8bSEN/P1 aSen, Amartya,d1933-10aPoverty and famines :ban essay on entitlement and deprivation /cAmartya Sen. aOxford :bClarendon Press ;aNew York :bOxford University Press,c1981. a257 p aIncludes indexes. aBibliography: p. [217]-249. 0aPoverty. 0aFood supply. 0aStarvation.